| 000 | 00000nam##2200000za#4500 |
| 001 | 9.600581 |
| 003 | CaOODSP |
| 005 | 20210624205643 |
| 007 | cr ||||||||||| |
| 008 | 150406|1991||||xxc|||||o f|0| 0 fre|d |
| 040 | |aCaOODSP|bfre |
| 043 | |an-cn--- |
| 086 | 1 |aNH18-1/71-1991F-PDF |
| 110 | 2 |aSociété canadienne d'hypothèques et de logement. |
| 245 | 10|aÉconomie de l'eau dans les habitations : |h[ressource électronique]|bun examen des produits, des procédés et des pratiques |
| 260 | |aOttawa - Ontario : |bSociété canadienne d'hypothèques et de logement |c1991. |
| 300 | |a106p.|bréférences, tableaux |
| 490 | 1 |aRapport de recherche |
| 590 | |a11-05-Supp|b2011-03-15 |
| 830 | #0|aResearch report (Société canadienne d'hypothèques et de logement : En ligne)|w(CaOODSP)9.502470 |
| 856 | 40|ahttp://publications.gc.ca|qPDF|s1.13 Mo|uhttps://publications.gc.ca/collections/collection_2011/schl-cmhc/nh18-1/NH18-1-71-1991-fra.pdf |